| 000 | 00344nam a22001217a 4500 | ||
|---|---|---|---|
| 082 |
_a345 _bHAS |
||
| 100 | _aHassan, Rabia Omar | ||
| 245 |
_aCritical Analysis on International Criminal Court (ICC) Hague / _cRabia Omar Hassan |
||
| 260 |
_aKarachi: _bPakistan Law House, _c2023. |
||
| 300 | _a116 p. | ||
| 563 | _aHB. | ||
| 942 |
_2ddc _cBK |
||
| 999 |
_c613818 _d613818 |
||